All World Metro Systems - Statistics

General Stats
  • This quiz has been taken 697 times
  • The average score is 108 of 217
Answer Stats
Country Answer % Correct
United Kingdom London Underground
98%
United Kingdom Docklands Light Railway
90%
France Paris Métro
88%
Hungary Budapest Metro
87%
Germany Berlin U-Bahn
86%
Japan Nippori-Toneri Liner
86%
Japan Rinkai Line
86%
Japan Toei Subway
86%
Japan Tokyo Metro
86%
Japan Yurikamome
86%
Italy Rome Metro
85%
United States Chicago "L"
84%
Russia Moscow Metro
84%
China Beijing Subway
83%
Spain Madrid Metro
83%
United States Metro Rail
83%
Netherlands Amsterdam Metro
82%
Greece Athens Metro
82%
Spain Barcelona Metro
82%
Italy Milan Metro
82%
Brazil Rio de Janeiro Metro
82%
South Korea Seoul Metropolitan Subway
82%
South Korea Shinbundang Line
82%
India Delhi Metro
81%
Ukraine Kyiv Metro
81%
Mexico Mexico City Metro
81%
Germany Munich U-Bahn
81%
United States Red Line (RTA Rapid Transit)
81%
Russia Saint Petersburg Metro
81%
Sweden Stockholm Metro
81%
United States Washington Metro
81%
Turkey Istanbul Metro
80%
Norway Oslo Metro
80%
China Shanghai Metro
80%
Austria Vienna U-Bahn
80%
United States BART
79%
Argentina Buenos Aires Underground
79%
United States MBTA Subway
79%
Thailand Metropolitan Rapid Transit
79%
India Mumbai Metro
79%
Japan Osaka Metro
79%
Canada Toronto Subway
79%
Thailand BTS Skytrain
78%
Portugal Lisbon Metro
78%
United States Metrorail
78%
Canada Montreal Metro
77%
Taiwan Taipei Metro
77%
Turkey Ankara Metro
76%
Romania Bucharest Metro
76%
Germany Hamburg U-Bahn
76%
Finland Helsinki Metro
76%
France Lyon Metro
76%
Philippines Manila Light Rail Transit System
76%
Philippines Manila Metro Rail Transit System
76%
Canada Réseau Express Métropolitain
76%
Singapore Mass Rapid Transit
75%
Canada SkyTrain
75%
Belgium Brussels Metro
74%
Denmark Copenhagen Metro
74%
France Marseille Metro
74%
Czech Republic Prague Metro
74%
North Korea Pyongyang Metro
74%
Netherlands Rotterdam Metro
74%
United Kingdom Glasgow Subway
73%
Venezuela Caracas Metro
72%
Indonesia Jabodebek LRT
72%
Indonesia Jakarta LRT
72%
Chile Santiago Metro
72%
Iran Tehran Metro
72%
Poland Warsaw Metro
72%
Azerbaijan Baku Metro
71%
Egypt Cairo Metro
71%
United Arab Emirates Dubai Metro
71%
China Hong Kong MTR
71%
Belarus Minsk Metro
71%
Italy Naples Metro
71%
Brazil São Paulo Metro
70%
United States SEPTA
70%
United States New York City Subway
69%
Bulgaria Sofia Metro
69%
United States PATCO Speedline
68%
South Korea Busan Metro
67%
Brazil Federal District Metro
66%
Malaysia Rapid KL
66%
Australia Sydney Metro
66%
Italy Turin Metro
66%
Peru Lima Metro
65%
China Guangzhou Metro
64%
Japan Kyoto Municipal Subway
63%
United States MARTA
63%
Vietnam Hanoi Metro
62%
China Wuhan Metro
62%
Bangladesh Dhaka Metro Rail
61%
Panama Panama Metro
61%
Armenia Yerevan Metro
61%
India Kolkata Metro
60%
Japan Sapporo Municipal Subway
60%
Japan Astram Line
59%
Georgia Tbilisi Metro
59%
Ecuador Quito Metro
58%
Algeria Algiers Metro
57%
Japan Nagoya Municipal Subway
56%
Dominican Republic Santo Domingo Metro
56%
Uzbekistan Tashkent Metro
56%
China Xi'an Metro
56%
Qatar Doha Metro
55%
Mexico Guadalajara Electric Rail System
55%
United States Baltimore Metro SubwayLink
53%
Turkey İzmir Metro
53%
Nigeria Lagos Rail Mass Transit
53%
India Chennai Metro
51%
India Hyderabad Metro
51%
France Lille Metro
51%
Colombia Medellín Metro
51%
China Chengdu Metro
50%
Pakistan Lahore Metro
50%
China Tianjin Metro
50%
Kazakhstan Almaty Metro
49%
China Chongqing Rail Transit
47%
Ukraine Kharkiv Metro
47%
Italy Genoa Metro
46%
France Toulouse Metro
46%
China Xiamen Metro
46%
Brazil Belo Horizonte Metro
45%
United States PATH
45%
Japan Kanazawa Seaside Line
44%
Spain Metro Bilbao
44%
Japan Minatomirai Line
44%
United States Staten Island Railway
44%
Mexico Metrorrey
42%
China Nanjing Metro
42%
China Shenzhen Metro
42%
Japan Fukuoka City Subway
41%
Japan Kobe Municipal Subway
41%
Japan Kobe New Transit
41%
Brazil Recife Metro
41%
Russia Kazan Metro
40%
Brazil Salvador Metro
39%
Brazil Fortaleza Metro
37%
China Harbin Metro
37%
South Korea Incheon Subway
36%
India Ahmedabad Metro
35%
Brazil Porto Alegre Metro
35%
Russia Yekaterinburg Metro
35%
India Pune Metro
34%
South Korea Daegu Metro
32%
China Hangzhou Metro
32%
Russia Novosibirsk Metro
32%
China Ürümqi Metro
31%
China Macau Light Rapid Transit
30%
China Qingdao Metro
30%
China Dalian Metro
29%
Ukraine Dnipro Metro
29%
Germany Nuremberg U-Bahn
29%
India Jaipur Metro
28%
Iran Isfahan Urban Railway
27%
Switzerland Lausanne Métro
27%
Japan Sendai Subway
27%
India Agra Metro
26%
China Fuzhou Metro
26%
China Shenyang Metro
26%
Turkey Bursaray
25%
China Changsha Metro
25%
India Lucknow Metro
25%
Taiwan Kaohsiung Rapid Transit
24%
China Kunming Metro
24%
France Rennes Metro
24%
Iran Shiraz Metro
24%
Italy Catania Metro
22%
Iran Mashhad Urban Railway
22%
China Nanning Metro
22%
Russia Samara Metro
22%
Russia Nizhny Novgorod Metro
21%
China Ningbo Rail Transit
20%
United States Skyline
20%
China Suzhou Rail Transit
20%
China Hefei Metro
19%
Iran Tabriz Metro
19%
Turkey Adana Metro
18%
China Zhengzhou Metro
18%
South Korea Gwangju Metro
17%
India Nagpur Metro
16%
India Namma Metro
16%
Taiwan Taichung Metro
15%
China Dongguan Rail Transit
14%
China Jinan Metro
14%
United States Tren Urbano
14%
China Wenzhou Rail Transit
14%
China Taiyuan Metro
13%
Italy Brescia Metro
12%
China Changchun Rail Transit
12%
India Kanpur Metro
12%
India Kochi Metro
12%
China Lanzhou Metro
11%
China Wuxi Metro
11%
China Foshan Metro
10%
China Shijiazhuang Metro
10%
South Korea Daejeon Metro
9%
China Guiyang Metro
9%
China Hohhot Metro
9%
China Nanchang Metro
9%
Japan New Shuttle
8%
China Luoyang Subway
6%
Taiwan Taoyuan Metro
6%
China Changzhou Metro
5%
China Nantong Rail Transit
5%
China Xuzhou Metro
5%
Indonesia Palembang LRT
4%
India Noida Metro
3%
India Rapid Metro Gurgaon
3%
China Taizhou Rail Transit
3%
China Wuhu Rail Transit
3%
China Jinhua Rail Transit
2%
Iran Karaj Metro
2%
India Navi Mumbai Metro
2%
China Shaoxing Metro
2%
Japan Yokohama Municipal Subway
0%
No matching quizzes found
Score Distribution
Percent of People with Each Score
Percentile by Number Answered
Your Score History
You have not taken this quiz